| 000 | 01002nas a2200313 4500 | ||
|---|---|---|---|
| 001 | BR2017002295 | ||
| 003 | BR-BrBNA | ||
| 005 | 20231205131050.0 | ||
| 007 | ta | ||
| 008 | 230509b bl.|||p| |||| 00| 00por d | ||
| 040 |
_aBR-BrBNA _bpor _cBiblioteca Nacional de Agricultura |
||
| 041 | _a(Pt) | ||
| 072 | _aK10; F04 | ||
| 100 | 1 | _aOliveira, M.K.T. de | |
| 100 | 1 | _aDombroski, J.L.D. | |
| 100 | 1 | _aMedeiros, R. de C.A. de | |
| 100 | 1 | _aFarias, R.M. de | |
| 100 | 1 | _aTomczak, V.E. | |
| 245 | 1 | _aUso de substratos orgânico-minerais na produção de mudas de Erythrina velutina | |
| 650 | _aERITRINA | ||
| 650 | _aMUDA | ||
| 650 | _aSUBSTRATO DE CULTURA | ||
| 650 | _aBIOMASSA | ||
| 650 | _aREVEGETAÇÃO | ||
| 773 | 0 |
_tPesquisa Florestal Brasileira (Brazil) _xISSN 1983-2605 _g(Jul-Sep 2017), v. 37(91) p. 235-242 _wBR2017002295 |
|
| 856 | 4 | 0 | _uhttp://pfb.cnpf.embrapa.br/pfb/index.php/pfb/article/view/1029/582 |
| 909 |
_a202311 _bLúcia _c55 _dLúcia Elande |
||
| 942 |
_2AGRIS _n0 _cANA |
||
| 999 |
_c252852 _d252852 |
||